[Event "DVM U12 2022"]
[Site "München GER"]
[Date "2022.12.29"]
[Round "6"]
[White "Weiß, Jonas"]
[Black "Schucht, Adrian"]
[Result "1-0"]
[Termination "normal"]
[Board "3.4"]
[WhiteElo "1129"]
[BlackElo "1235"]
[WhiteClock "01:13:52"]
[BlackClock "00:37:51"]
[WhiteTeam "SF München"]
[BlackTeam "TSG Oberschöneweide"]
[PlyCount "45"]
[WhiteFideId "34637168"]
[BlackFideId "34605061"]
[EventCountry "GER"]
[EventRounds "7"]
[EventType "team-swiss"]
[EventDate "2022.12.26"]

1. e4 {[%clk 01:30:59]} {[%emt 00:00:01]} e5 {[%clk 01:30:47]} {[%emt
00:00:12]} 2. Nf3 {[%clk 01:31:26]} {[%emt 00:00:04]} Nc6 {[%clk 01:31:11]}
{[%emt 00:00:05]} 3. Bc4 {[%clk 01:31:52]} {[%emt 00:00:05]} Bc5 {[%clk
01:31:33]} {[%emt 00:00:07]} 4. c3 {[%clk 01:32:17]} {[%emt 00:00:06]} Nf6
{[%clk 01:31:56]} {[%emt 00:00:06]} 5. d4 {[%clk 01:32:45]} {[%emt 00:00:03]}
exd4 {[%emt 00:06:50]} 6. O-O d5 {[%clk 01:22:31]} {[%emt 00:03:42]} 7. exd5
{[%clk 01:33:26]} {[%emt 00:00:11]} Nxd5 {[%clk 01:22:45]} {[%emt 00:00:15]} 8.
Qb3 {[%clk 01:33:28]} {[%emt 00:00:29]} Nb6 {[%emt 00:28:41]} 9. Bxf7 {[%clk
01:32:34]} Kf8 {[%clk 00:55:59]} {[%emt 00:00:27]} 10. Re1 {[%clk 01:32:27]}
{[%emt 00:00:36]} Bd7 {[%clk 00:54:49]} {[%emt 00:01:42]} 11. Bg5 {[%clk
01:32:01]} {[%emt 00:00:56]} Qc8 {[%clk 00:54:03]} {[%emt 00:01:15]} 12. cxd4
{[%clk 01:31:36]} {[%emt 00:00:56]} Bd6 {[%clk 00:53:43]} {[%emt 00:00:50]} 13.
Bh5 {[%clk 01:29:15]} {[%emt 00:01:32]} Nd8 {[%clk 00:49:55]} {[%emt 00:05:35]}
14. Bxd8 {[%emt 00:03:47]} g6 {[%clk 00:50:18]} {[%emt 00:00:05]} 15. Ng5
{[%clk 01:25:35]} {[%emt 00:00:54]} Kg7 {[%clk 00:49:21]} {[%emt 00:01:29]} 16.
Qf7 {[%clk 01:22:40]} {[%emt 00:03:24]} Kh6 {[%clk 00:49:35]} {[%emt 00:00:17]}
17. Bf6 {[%clk 01:21:32]} {[%emt 00:01:38]} Kxh5 {[%clk 00:48:38]} {[%emt
00:01:28]} 18. Re3 {[%clk 01:19:20]} {[%emt 00:02:41]} Bf4 {[%clk 00:47:01]}
{[%emt 00:02:07]} 19. Re4 {[%clk 01:18:33]} {[%emt 00:01:15]} Bxg5 {[%clk
00:46:59]} {[%emt 00:00:34]} 20. Bxg5 {[%clk 01:18:51]} {[%emt 00:00:11]} Bf5
{[%clk 00:47:06]} {[%emt 00:00:24]} 21. Be3 {[%clk 01:14:04]} {[%emt 00:05:17]}
Nc4 {[%clk 00:39:31]} {[%emt 00:08:05]} 22. Rh4 {[%clk 01:13:37]} {[%emt
00:00:57]} Kxh4 {[%clk 00:37:51]} {[%emt 00:02:10]} 23. Qf6 {[%clk 01:13:52]}
{[%emt 00:00:16]} 1-0

[Event "DVM U12 2022"]
[Site "München GER"]
[Date "2022.12.29"]
[Round "6"]
[White "Uyar, Levin"]
[Black "Ramming, Moritz"]
[Result "1/2-1/2"]
[Termination "normal"]
[Board "4.1"]
[WhiteElo "1573"]
[BlackElo "1634"]
[WhiteClock "00:05:38"]
[BlackClock "00:30:11"]
[WhiteTeam "SC Untergrombach 46"]
[BlackTeam "SK Kelheim 1920"]
[PlyCount "95"]
[WhiteFideId "16282108"]
[BlackFideId "34618198"]
[EventCountry "GER"]
[EventRounds "7"]
[EventType "team-swiss"]
[EventDate "2022.12.26"]

1. e4 {[%clk 01:30:55]} {[%emt 00:00:04]} e6 {[%clk 01:30:53]} {[%emt
00:00:08]} 2. d4 {[%clk 01:31:18]} {[%emt 00:00:07]} d5 {[%clk 01:31:18]}
{[%emt 00:00:05]} 3. Nd2 {[%clk 01:31:36]} {[%emt 00:00:12]} Nf6 {[%clk
01:31:37]} {[%emt 00:00:10]} 4. e5 {[%clk 01:31:58]} {[%emt 00:00:09]} Nfd7
{[%clk 01:31:59]} {[%emt 00:00:08]} 5. Bd3 {[%clk 01:32:17]} {[%emt 00:00:10]}
c5 {[%clk 01:32:17]} {[%emt 00:00:11]} 6. c3 {[%clk 01:32:37]} {[%emt
00:00:11]} Nc6 {[%clk 01:32:36]} {[%emt 00:00:11]} 7. Ne2 {[%clk 01:32:59]}
{[%emt 00:00:08]} cxd4 {[%clk 01:31:58]} {[%emt 00:01:08]} 8. cxd4 {[%clk
01:33:23]} {[%emt 00:00:06]} f6 {[%clk 01:32:09]} {[%emt 00:00:20]} 9. exf6
{[%clk 01:33:40]} {[%emt 00:00:13]} Nxf6 {[%clk 01:32:25]} {[%emt 00:00:14]}
10. Nf3 {[%clk 01:33:10]} {[%emt 00:00:59]} Bd6 {[%clk 01:32:09]} {[%emt
00:00:47]} 11. O-O {[%clk 01:32:49]} {[%emt 00:00:51]} Qc7 {[%clk 01:32:08]}
{[%emt 00:00:31]} 12. Bg5 {[%clk 01:31:42]} {[%emt 00:01:37]} O-O {[%clk
01:31:01]} {[%emt 00:01:37]} 13. Qc2 {[%clk 01:31:08]} {[%emt 00:01:04]} Nb4
{[%clk 01:25:32]} {[%emt 00:05:58]} 14. Qxc7 {[%clk 01:29:36]} {[%emt
00:02:02]} Bxc7 {[%clk 01:24:42]} {[%emt 00:01:21]} 15. Bb1 {[%clk 01:21:27]}
{[%emt 00:08:39]} Bd7 {[%clk 01:22:44]} {[%emt 00:02:28]} 16. Nc3 {[%clk
01:20:24]} {[%emt 00:01:32]} a6 {[%clk 01:21:54]} {[%emt 00:01:21]} 17. a3
{[%clk 01:16:01]} {[%emt 00:04:52]} Nc6 {[%clk 01:20:15]} {[%emt 00:02:09]} 18.
Ba2 {[%clk 00:50:11]} {[%emt 00:26:19]} Rac8 {[%clk 00:56:24]} {[%emt
00:24:22]} 19. Rfd1 {[%clk 00:37:14]} {[%emt 00:13:28]} Be8 {[%clk 00:52:41]}
{[%emt 00:04:13]} 20. Re1 {[%emt 00:05:28]} Bh5 {[%clk 00:48:52]} {[%emt
00:03:21]} 21. Rxe6 {[%clk 00:27:09]} {[%emt 00:06:35]} Bxf3 {[%clk 00:48:49]}
{[%emt 00:00:32]} 22. Bxf6 {[%clk 00:22:31]} {[%emt 00:05:09]} gxf6 {[%clk
00:47:37]} {[%emt 00:01:42]} 23. gxf3 {[%clk 00:22:11]} {[%emt 00:00:49]} Nxd4
{[%clk 00:46:25]} {[%emt 00:01:42]} 24. Bxd5 {[%clk 00:22:04]} {[%emt
00:00:38]} Nxe6 {[%clk 00:46:30]} {[%emt 00:00:25]} 25. Bxe6 {[%clk 00:22:29]}
{[%emt 00:00:05]} Kg7 {[%clk 00:46:40]} {[%emt 00:00:19]} 26. Bxc8 {[%clk
00:22:54]} {[%emt 00:00:06]} Rxc8 {[%clk 00:46:56]} {[%emt 00:00:13]} 27. Rd1
{[%clk 00:17:24]} {[%emt 00:06:00]} Rd8 {[%clk 00:45:39]} {[%emt 00:01:47]} 28.
Rxd8 {[%clk 00:17:22]} {[%emt 00:00:33]} Bxd8 {[%clk 00:46:01]} {[%emt
00:00:07]} 29. Kg2 {[%clk 00:17:23]} {[%emt 00:00:29]} Bc7 {[%clk 00:46:18]}
{[%emt 00:00:13]} 30. Ne4 {[%clk 00:16:31]} {[%emt 00:01:21]} b6 {[%clk
00:45:23]} {[%emt 00:01:25]} 31. Nc3 {[%clk 00:15:15]} {[%emt 00:01:46]} Be5
{[%clk 00:45:23]} {[%emt 00:00:30]} 32. a4 {[%clk 00:13:35]} {[%emt 00:02:10]}
Bxc3 {[%clk 00:44:04]} {[%emt 00:01:49]} 33. bxc3 {[%clk 00:14:01]} {[%emt
00:00:04]} a5 {[%clk 00:44:22]} {[%emt 00:00:12]} 34. c4 {[%clk 00:12:21]}
{[%emt 00:02:10]} f5 {[%clk 00:43:15]} {[%emt 00:01:38]} 35. Kg3 {[%clk
00:11:16]} {[%emt 00:01:35]} Kf6 {[%clk 00:35:16]} {[%emt 00:08:29]} 36. Kf4
{[%clk 00:07:55]} {[%emt 00:03:50]} h6 {[%clk 00:33:36]} {[%emt 00:02:11]} 37.
h3 {[%clk 00:06:58]} {[%emt 00:01:27]} Ke6 {[%clk 00:33:44]} {[%emt 00:00:20]}
38. h4 {[%clk 00:06:47]} {[%emt 00:00:42]} Kf6 {[%clk 00:33:30]} {[%emt
00:00:44]} 39. Ke3 {[%clk 00:04:15]} {[%emt 00:03:02]} Ke6 {[%clk 00:33:26]}
{[%emt 00:00:33]} 40. f4 {[%clk 00:04:13]} {[%emt 00:00:33]} h5 {[%clk
00:30:33]} {[%emt 00:03:23]} 41. f3 {[%clk 00:03:37]} {[%emt 00:01:05]} Kd7
{[%clk 00:29:42]} {[%emt 00:01:23]} 42. Kd4 {[%clk 00:03:01]} {[%emt 00:01:05]}
Kd6 {[%clk 00:29:14]} {[%emt 00:00:58]} 43. Kd3 {[%clk 00:03:29]} {[%emt
00:00:03]} Kc6 {[%clk 00:29:09]} {[%emt 00:00:34]} 44. Kd4 {[%clk 00:03:56]}
{[%emt 00:00:03]} Kd6 {[%clk 00:29:10]} {[%emt 00:00:29]} 45. Kd3 {[%clk
00:04:20]} {[%emt 00:00:06]} Kc6 {[%clk 00:29:26]} {[%emt 00:00:15]} 46. Kd4
{[%clk 00:04:46]} {[%emt 00:00:04]} Kd6 {[%clk 00:29:48]} {[%emt 00:00:08]} 47.
Kd3 {[%clk 00:05:11]} {[%emt 00:00:05]} Kc6 {[%clk 00:30:11]} {[%emt 00:00:07]}
48. Kd4 {[%clk 00:05:38]} {[%emt 00:00:03]} 1/2-1/2

[Event "DVM U12 2022"]
[Site "München GER"]
[Date "2022.12.29"]
[Round "6"]
[White "Neumeier, Valentina"]
[Black "Jung, Niklas"]
[Result "1/2-1/2"]
[Termination "normal"]
[Board "4.2"]
[WhiteElo "1464"]
[BlackElo "1426"]
[WhiteClock "00:03:52"]
[BlackClock "00:02:22"]
[WhiteTeam "SK Kelheim 1920"]
[BlackTeam "SC Untergrombach 46"]
[PlyCount "82"]
[WhiteFideId "34608222"]
[BlackFideId "16280601"]
[EventCountry "GER"]
[EventRounds "7"]
[EventType "team-swiss"]
[EventDate "2022.12.26"]

1. e4 {[%clk 01:30:58]} {[%emt 00:00:02]} e5 {[%clk 01:30:55]} {[%emt
00:00:05]} 2. Nf3 {[%clk 01:31:23]} {[%emt 00:00:05]} Nc6 {[%clk 01:31:19]}
{[%emt 00:00:05]} 3. Bc4 {[%clk 01:31:49]} {[%emt 00:00:06]} Bc5 {[%clk
01:31:38]} {[%emt 00:00:11]} 4. c3 {[%clk 01:32:11]} {[%emt 00:00:08]} Nf6
{[%clk 01:31:59]} {[%emt 00:00:08]} 5. d3 {[%clk 01:32:30]} {[%emt 00:00:11]}
d6 {[%clk 01:32:14]} {[%emt 00:00:15]} 6. Nbd2 {[%clk 01:32:27]} {[%emt
00:00:34]} a5 {[%clk 01:31:56]} {[%emt 00:00:47]} 7. Nf1 {[%clk 01:32:27]}
{[%emt 00:00:29]} Be6 {[%clk 01:32:06]} {[%emt 00:00:20]} 8. Bxe6 {[%clk
01:31:55]} {[%emt 00:01:03]} fxe6 {[%clk 01:32:20]} {[%emt 00:00:16]} 9. Ng3
{[%clk 01:31:44]} {[%emt 00:00:40]} O-O {[%clk 01:31:57]} {[%emt 00:00:54]} 10.
O-O {[%clk 01:31:20]} {[%emt 00:00:54]} Qd7 {[%clk 01:30:57]} {[%emt 00:01:30]}
11. d4 {[%clk 01:30:10]} {[%emt 00:01:41]} exd4 {[%clk 01:29:48]} {[%emt
00:01:37]} 12. cxd4 {[%clk 01:30:23]} {[%emt 00:00:17]} Ba7 {[%clk 01:29:18]}
{[%emt 00:01:01]} 13. Bg5 {[%clk 01:25:26]} {[%emt 00:05:27]} Rae8 {[%clk
01:24:13]} {[%emt 00:05:33]} 14. e5 {[%clk 01:21:58]} {[%emt 00:04:00]} Nd5
{[%clk 01:19:33]} {[%emt 00:05:08]} 15. Re1 {[%clk 01:18:12]} {[%emt 00:04:15]}
Nde7 {[%clk 01:13:17]} {[%emt 00:06:47]} 16. Qa4 {[%clk 01:02:49]} {[%emt
00:15:48]} Nf5 {[%clk 01:08:28]} {[%emt 00:05:20]} 17. Rad1 {[%clk 00:51:30]}
{[%emt 00:11:53]} Nxg3 {[%clk 01:07:59]} {[%emt 00:01:00]} 18. hxg3 {[%clk
00:51:26]} {[%emt 00:00:34]} Nxe5 {[%clk 00:56:53]} {[%emt 00:11:36]} 19. Qxa5
{[%clk 00:48:35]} {[%emt 00:03:20]} Nxf3 {[%clk 00:57:12]} {[%emt 00:00:11]}
20. gxf3 {[%clk 00:48:36]} {[%emt 00:00:29]} Bb6 {[%clk 00:57:36]} {[%emt
00:00:07]} 21. Qc3 {[%clk 00:47:03]} {[%emt 00:01:56]} Qb5 {[%clk 00:56:12]}
{[%emt 00:02:00]} 22. Bd2 {[%clk 00:46:10]} {[%emt 00:01:22]} Qd5 {[%clk
00:54:03]} {[%emt 00:02:38]} 23. Re4 {[%clk 00:38:50]} {[%emt 00:07:54]} Rf7
{[%clk 00:45:41]} {[%emt 00:08:51]} 24. Rde1 {[%clk 00:31:33]} {[%emt
00:07:47]} Qxa2 {[%clk 00:39:36]} {[%emt 00:06:32]} 25. b3 {[%clk 00:30:16]}
{[%emt 00:01:50]} Qa8 {[%clk 00:37:20]} {[%emt 00:02:39]} 26. Rxe6 {[%clk
00:29:59]} {[%emt 00:00:54]} Rxe6 {[%clk 00:36:16]} {[%emt 00:01:33]} 27. Rxe6
{[%clk 00:30:23]} {[%emt 00:00:08]} Qf8 {[%clk 00:32:23]} {[%emt 00:04:20]} 28.
Kg2 {[%clk 00:29:17]} {[%emt 00:01:38]} Re7 {[%clk 00:30:54]} {[%emt 00:01:51]}
29. d5 {[%clk 00:24:15]} {[%emt 00:05:41]} Rxe6 {[%clk 00:25:21]} {[%emt
00:06:03]} 30. dxe6 {[%clk 00:24:34]} {[%emt 00:00:11]} Qf6 {[%clk 00:24:38]}
{[%emt 00:01:01]} 31. Qc4 {[%clk 00:23:00]} {[%emt 00:02:16]} Kf8 {[%clk
00:23:56]} {[%emt 00:01:03]} 32. Qg4 {[%clk 00:16:31]} {[%emt 00:07:07]} h6
{[%clk 00:07:28]} {[%emt 00:16:58]} 33. Qe4 {[%clk 00:12:47]} {[%emt 00:04:15]}
Ke7 {[%clk 00:04:55]} {[%emt 00:03:03]} 34. Qxb7 {[%clk 00:09:16]} {[%emt
00:04:01]} Qxe6 {[%clk 00:04:35]} {[%emt 00:00:49]} 35. b4 {[%clk 00:08:02]}
{[%emt 00:01:45]} Qe2 {[%clk 00:03:31]} {[%emt 00:01:33]} 36. Qe4 {[%clk
00:07:26]} {[%emt 00:01:07]} Qxe4 {[%clk 00:03:57]} {[%emt 00:00:05]} 37. fxe4
{[%clk 00:07:49]} {[%emt 00:00:07]} Bd4 {[%clk 00:03:21]} {[%emt 00:01:05]} 38.
Kf3 {[%clk 00:05:43]} {[%emt 00:02:37]} c5 {[%clk 00:02:18]} {[%emt 00:01:32]}
39. bxc5 {[%clk 00:04:31]} {[%emt 00:01:43]} dxc5 {[%clk 00:02:42]} {[%emt
00:00:05]} 40. Ke2 {[%clk 00:04:20]} {[%emt 00:00:41]} Ke6 {[%clk 00:02:22]}
{[%emt 00:00:49]} 41. f3 {[%clk 00:03:52]} {[%emt 00:00:59]} Ke5 {[%emt
00:02:26]} 1/2-1/2

[Event "DVM U12 2022"]
[Site "München GER"]
[Date "2022.12.29"]
[Round "6"]
[White "Sitnik, Arthur"]
[Black "Tritschler, Marek"]
[Result "1-0"]
[Termination "normal"]
[Board "4.4"]
[WhiteElo "1253"]
[BlackElo "997"]
[WhiteClock "00:43:31"]
[BlackClock "01:23:14"]
[WhiteTeam "SK Kelheim 1920"]
[BlackTeam "SC Untergrombach 46"]
[PlyCount "91"]
[WhiteFideId "34608150"]
[BlackFideId "34640550"]
[EventCountry "GER"]
[EventRounds "7"]
[EventType "team-swiss"]
[EventDate "2022.12.26"]

1. e4 {[%clk 01:30:58]} {[%emt 00:00:01]} e5 {[%clk 01:30:54]} {[%emt
00:00:04]} 2. Nf3 {[%clk 01:31:26]} {[%emt 00:00:05]} Nc6 {[%clk 01:31:17]}
{[%emt 00:00:06]} 3. Bc4 {[%clk 01:31:49]} {[%emt 00:00:07]} Bc5 {[%clk
01:31:36]} {[%emt 00:00:11]} 4. c3 {[%clk 01:32:13]} {[%emt 00:00:07]} Nf6
{[%clk 01:31:58]} {[%emt 00:00:07]} 5. d3 {[%clk 01:32:39]} {[%emt 00:00:04]}
h6 {[%clk 01:32:14]} {[%emt 00:00:13]} 6. O-O {[%clk 01:33:01]} {[%emt
00:00:10]} d6 {[%clk 01:32:38]} {[%emt 00:00:06]} 7. Nbd2 {[%clk 01:33:11]}
{[%emt 00:00:20]} O-O {[%clk 01:33:01]} {[%emt 00:00:07]} 8. h3 {[%clk
01:33:27]} {[%emt 00:00:14]} Be6 {[%clk 01:33:21]} {[%emt 00:00:09]} 9. Bb5
{[%clk 01:33:53]} {[%emt 00:00:05]} Qd7 {[%clk 01:33:11]} {[%emt 00:00:40]} 10.
d4 {[%clk 01:33:29]} {[%emt 00:00:55]} a6 {[%clk 01:33:11]} {[%emt 00:00:29]}
11. Bxc6 {[%clk 01:33:51]} {[%emt 00:00:08]} Qxc6 {[%clk 01:33:32]} {[%emt
00:00:09]} 12. dxc5 {[%clk 01:32:47]} {[%emt 00:01:35]} Qxc5 {[%clk 01:33:42]}
{[%emt 00:00:18]} 13. Re1 {[%clk 01:32:17]} {[%emt 00:01:02]} Qc6 {[%clk
01:31:08]} {[%emt 00:03:03]} 14. Qc2 {[%clk 01:27:15]} {[%emt 00:05:33]} Qd7
{[%clk 01:30:54]} {[%emt 00:00:42]} 15. c4 {[%clk 01:26:41]} {[%emt 00:01:06]}
Nh5 {[%clk 01:27:16]} {[%emt 00:04:06]} 16. Nf1 {[%clk 01:18:35]} {[%emt
00:08:38]} Nf4 {[%clk 01:26:15]} {[%emt 00:01:29]} 17. Bxf4 {[%clk 01:17:26]}
{[%emt 00:01:40]} exf4 {[%clk 01:26:27]} {[%emt 00:00:18]} 18. e5 {[%clk
01:16:18]} {[%emt 00:01:39]} f6 {[%clk 01:26:09]} {[%emt 00:00:47]} 19. exd6
{[%clk 01:15:52]} {[%emt 00:00:57]} Qxd6 {[%clk 01:26:23]} {[%emt 00:00:15]}
20. Qe4 {[%clk 01:13:06]} {[%emt 00:03:16]} Bc8 {[%clk 01:24:13]} {[%emt
00:02:39]} 21. Qd5 {[%clk 01:12:39]} {[%emt 00:00:58]} Qxd5 {[%clk 01:24:16]}
{[%emt 00:00:28]} 22. cxd5 {[%clk 01:13:02]} {[%emt 00:00:07]} Rd8 {[%clk
01:24:26]} {[%emt 00:00:19]} 23. Rad1 {[%clk 01:12:44]} {[%emt 00:00:48]} Bf5
{[%clk 01:24:34]} {[%emt 00:00:22]} 24. Nh4 {[%clk 01:10:53]} {[%emt 00:02:22]}
Bh7 {[%clk 01:24:19]} {[%emt 00:00:44]} 25. g3 {[%clk 01:07:45]} {[%emt
00:03:39]} fxg3 {[%clk 01:24:18]} {[%emt 00:00:30]} 26. fxg3 {[%clk 01:07:51]}
{[%emt 00:00:24]} Rd6 {[%clk 01:24:13]} {[%emt 00:00:34]} 27. Ne3 {[%clk
01:03:30]} {[%emt 00:04:53]} Kf8 {[%clk 01:23:58]} {[%emt 00:00:44]} 28. Nhf5
{[%clk 01:01:08]} {[%emt 00:02:53]} Rd7 {[%clk 01:23:57]} {[%emt 00:00:30]} 29.
g4 {[%clk 00:59:17]} {[%emt 00:02:21]} Rad8 {[%clk 01:23:47]} {[%emt 00:00:39]}
30. h4 {[%clk 00:52:54]} {[%emt 00:06:54]} Bg8 {[%clk 01:23:04]} {[%emt
00:01:13]} 31. h5 {[%clk 00:52:38]} {[%emt 00:00:47]} Bxd5 {[%clk 01:23:05]}
{[%emt 00:00:28]} 32. Nxd5 {[%clk 00:53:01]} {[%emt 00:00:08]} Rxd5 {[%clk
01:23:04]} {[%emt 00:00:30]} 33. Rxd5 {[%clk 00:53:22]} {[%emt 00:00:09]} Rxd5
{[%clk 01:23:30]} {[%emt 00:00:05]} 34. Re7 {[%clk 00:51:25]} {[%emt 00:02:27]}
Rd1 {[%clk 01:23:45]} {[%emt 00:00:14]} 35. Kf2 {[%clk 00:51:23]} {[%emt
00:00:32]} Rd2 {[%clk 01:24:07]} {[%emt 00:00:08]} 36. Re2 {[%clk 00:51:39]}
{[%emt 00:00:14]} Rd7 {[%clk 01:24:17]} {[%emt 00:00:19]} 37. Nh4 {[%clk
00:49:33]} {[%emt 00:02:37]} Kf7 {[%clk 01:23:42]} {[%emt 00:01:04]} 38. Ng6
{[%clk 00:49:27]} {[%emt 00:00:37]} b6 {[%clk 01:23:06]} {[%emt 00:01:06]} 39.
Kg3 {[%clk 00:46:39]} {[%emt 00:03:18]} Rd3 {[%clk 01:23:14]} {[%emt 00:00:21]}
40. Kf4 {[%clk 00:46:10]} {[%emt 00:01:00]} Rd4 {[%clk 01:23:25]} {[%emt
00:00:19]} 41. Re4 {[%clk 00:45:50]} {[%emt 00:00:49]} Rd7 {[%clk 01:23:43]}
{[%emt 00:00:13]} 42. Ke3 {[%clk 00:44:36]} {[%emt 00:01:44]} c6 {[%clk
01:23:37]} {[%emt 00:00:36]} 43. Nh8 {[%clk 00:42:35]} {[%emt 00:02:32]} Kg8
{[%clk 01:23:51]} {[%emt 00:00:15]} 44. Re8 {[%clk 00:42:47]} {[%emt 00:00:18]}
Kh7 {[%clk 01:24:04]} {[%emt 00:00:17]} 45. Ng6 {[%clk 00:43:11]} {[%emt
00:00:06]} c5 {[%clk 01:23:14]} {[%emt 00:01:20]} 46. Rh8# {[%clk 00:43:31]}
{[%emt 00:00:11]} 1-0

[Event "DVM U12 2022"]
[Site "München GER"]
[Date "2022.12.29"]
[Round "6"]
[White "Vinogradov, Ilia"]
[Black "Aweh, Mads"]
[Result "1/2-1/2"]
[Termination "normal"]
[Board "5.1"]
[WhiteElo "1358"]
[BlackElo "1477"]
[WhiteClock "00:36:00"]
[BlackClock "00:20:46"]
[WhiteTeam "SV 1947 Walldorf"]
[BlackTeam "SSV Vimaria 91 Weimar"]
[PlyCount "52"]
[WhiteFideId "34603166"]
[BlackFideId "34604278"]
[EventCountry "GER"]
[EventRounds "7"]
[EventType "team-swiss"]
[EventDate "2022.12.26"]

1. e4 {[%clk 01:30:58]} {[%emt 00:00:01]} c5 {[%clk 01:28:10]} {[%emt
00:02:51]} 2. Nf3 {[%clk 01:31:17]} {[%emt 00:00:11]} Nc6 {[%clk 01:27:01]}
{[%emt 00:01:38]} 3. Bb5 {[%clk 01:31:33]} {[%emt 00:00:14]} e6 {[%clk
01:26:17]} {[%emt 00:01:14]} 4. Bxc6 {[%clk 01:31:22]} {[%emt 00:00:42]} bxc6
{[%clk 01:26:03]} {[%emt 00:00:44]} 5. O-O {[%clk 01:30:45]} {[%emt 00:01:06]}
d5 {[%clk 01:24:47]} {[%emt 00:01:47]} 6. d3 {[%clk 01:28:04]} {[%emt
00:03:11]} Bd6 {[%clk 01:20:30]} {[%emt 00:04:46]} 7. e5 {[%clk 01:25:26]}
{[%emt 00:03:09]} Be7 {[%clk 01:18:29]} {[%emt 00:02:31]} 8. Re1 {[%clk
01:24:37]} {[%emt 00:01:19]} Bd7 {[%clk 01:14:07]} {[%emt 00:04:52]} 9. Nc3
{[%clk 01:22:44]} {[%emt 00:02:22]} Rb8 {[%clk 01:12:20]} {[%emt 00:02:17]} 10.
b3 {[%clk 01:21:20]} {[%emt 00:01:53]} h6 {[%clk 01:05:17]} {[%emt 00:07:34]}
11. Ne2 {[%clk 01:20:19]} {[%emt 00:01:31]} Bg5 {[%clk 01:01:09]} {[%emt
00:04:39]} 12. Ba3 {[%clk 01:18:35]} {[%emt 00:02:13]} Qa5 {[%clk 00:59:51]}
{[%emt 00:01:48]} 13. Bb2 {[%clk 01:18:09]} {[%emt 00:00:56]} Bd8 {[%clk
00:57:44]} {[%emt 00:02:37]} 14. c4 {[%clk 01:14:28]} {[%emt 00:04:11]} Ne7
{[%clk 00:55:01]} {[%emt 00:03:14]} 15. Ng3 {[%clk 01:13:49]} {[%emt 00:01:08]}
Ng6 {[%clk 00:53:11]} {[%emt 00:02:20]} 16. Qc1 {[%emt 00:16:00]} O-O {[%clk
00:47:33]} {[%emt 00:00:07]} 17. d4 {[%clk 01:01:16]} {[%emt 00:03:34]} Be7
{[%clk 00:45:38]} {[%emt 00:02:25]} 18. Bc3 {[%clk 00:57:16]} {[%emt 00:04:30]}
Qb6 {[%clk 00:43:51]} {[%emt 00:02:15]} 19. Rb1 {[%clk 00:54:18]} {[%emt
00:03:29]} Rfc8 {[%clk 00:40:30]} {[%emt 00:03:52]} 20. Qd2 {[%clk 00:49:59]}
{[%emt 00:04:49]} Qd8 {[%clk 00:36:16]} {[%emt 00:04:44]} 21. h3 {[%clk
00:47:58]} {[%emt 00:02:31]} Qf8 {[%clk 00:34:22]} {[%emt 00:02:25]} 22. dxc5
{[%clk 00:40:18]} {[%emt 00:08:09]} Bxc5 {[%clk 00:34:23]} {[%emt 00:00:29]}
23. b4 {[%clk 00:40:14]} {[%emt 00:00:35]} Be7 {[%clk 00:33:27]} {[%emt
00:01:26]} 24. c5 {[%clk 00:37:40]} {[%emt 00:03:04]} Rc7 {[%clk 00:30:17]}
{[%emt 00:03:40]} 25. Rb3 {[%clk 00:36:17]} {[%emt 00:01:52]} Rcb7 {[%clk
00:23:55]} {[%emt 00:06:52]} 26. Reb1 {[%clk 00:36:00]} {[%emt 00:00:47]} Qd8
{[%clk 00:20:46]} {[%emt 00:03:41]} 1/2-1/2